Greek and roman art Minoan, Doric, Ionic, Corinthian, Tuscan

Αποθηκεύτηκε σε:
Λεπτομέρειες βιβλιογραφικής εγγραφής
Συγγραφή απο Οργανισμό/Αρχή: Art Recon Inc
Μορφή: Ηλεκτρονική πηγή
Γλώσσα:English
Δημοσίευση: Ottawa, Canada : Art Recon Inc., c1995-2005.
Σειρά:Recon3D content collections
Θέματα:
Ετικέτες: Προσθήκη ετικέτας
Δεν υπάρχουν, Καταχωρήστε ετικέτα πρώτοι!

MARC

LEADER 00000cmm a2200000 a 4500
001 1/121202
008 200407m19952005cn | | | eng||
020 |a 1897059108 
024 8 |a 220704327D  |c (vol.1) 
024 8 |a 220704327F  |c (vol.2) 
024 8 |a 220704327E  |c (vol.3) 
040 |a GR-MyUa  |b gre  |c GR-MyUa  |e AACR2 
041 0 |a eng 
082 7 |a 733  |2 (23) 
245 0 0 |a Greek and roman art   |h [αρχείο Η/Υ] :   |b Minoan, Doric, Ionic, Corinthian, Tuscan /   |c Art Recon Inc.  
260 |a Ottawa, Canada :   |b Art Recon Inc.,   |c c1995-2005.  
300 |a 3 οπτικές δισκέτες λέιζερ :   |b έγχρ. ;   |c 4 3/4 ίντ.  
490 1 |a (Recon3D content collections)  
500 |a O τόμος ένα περιέχει τρία cdroms.  
500 |a 3DS, 3DM, DXF,LWO, OBJ formats.  
505 8 |a Τ.1. Minoan, Doric, Tuskan styles, Miscellaneous -- τ.2. Ionic style -- τ.3. Corinthian style.  
538 |a See CatalogueV1.html file for catalog of 3D content. Internet browser is required.  
650 0 |a Sculpture, Ancient  |z Greece. 
650 0 |a Sculpture, Ancient  |z Greece  |x Catalogs. 
650 0 |a Art, Greek  |x History. 
650 0 |a Art, Greek  |x Catalogs. 
650 0 |a Sculpture, Baroque  |z Italy. 
710 2 |a Art Recon Inc. 
830 0 |a Recon3D content collections 
920 |a Αναμόρφωση  |b ΕΠΕΑΕΚ ΙΙ – ΤΜΣ  |y Ρόδος  |z 2006-07 
970 |a Μαρία  |b Κωτάκου  |z 07-04-2020